Bolešovský hlas kultúrno-spoločenské noviny obce Bolešov

Bibliographic Details
Format: Journal
Language:Slovak
Published: Bolešov Obecný úrad Bolešov 199?-
Subjects:

MARC

LEADER 00000cas a2200000 a 4500
001 vtls008157920
003 SK-MaSNL
005 20260228162059.0
008 050602c199u9999xo zu p 0 b0slo
040 |a SNK  |b slo  |c SNK  |e AACR2 
041 0 |a slo 
043 |a e-xo--- 
044 |a xo  |c SK 
072 7 |a 352/354  |x Stupne miestnej, oblastnej a ústrednej správy  |2 konspekt 
072 7 |a 394  |x Verejný a spoločenský život. Každodenný život  |2 konspekt 
072 7 |a 316.7  |x Sociológia kultúry. Kultúrny život  |2 konspekt 
080 |a 352  |2 2011 
080 |a 394  |2 2011 
080 |a 316.728  |2 2011 
080 |a 050  |2 2011 
080 |a (051)+(054)  |2 2011 
080 |a (437.613)  |2 2011 
245 0 0 |a Bolešovský hlas  |b kultúrno-spoločenské noviny obce Bolešov 
260 |a Bolešov  |b Obecný úrad Bolešov  |c 199?- 
310 |a Občasník 
362 |a 199? -  |z TN701/2014 ; PB701/2015 
500 |a Popis podľa: č. 3 - december 2000 
500 |a Zodp. red.:?-, Helena Kobelová 
500 |a Reg. číslo: 07-PT 1/99 OÚ Ilava 
650 0 7 |a miestna správa  |2 SNKPH  |9 29496 
650 0 7 |a spoločenský život  |2 SNKPH  |9 28654 
651 7 |a Bolešov (Slovensko)  |2 SNKPHgeo  |9 25555 
655 7 |a miestne periodiká  |2 SNKPH  |9 160938 
700 1 |a Kobelová, Helena  |4 lso  |9 270322 
710 1 |a Bolešov (Slovensko).  |b Obecný úrad  |4 pbl  |9 197057 
910 |a snk 
999 |c 6733  |d 8663 
952 |0 0  |1 0  |4 0  |7 0  |8 0  |a SNK  |b SNK  |d 2019-11-29  |i snk2019/30854  |l 0  |o snkČSB 7407/2000  |p 17A1384980  |r 2026-02-21 22:15:18  |t č. 1-3, neúplné  |w 2026-02-21  |y PREZ  |z Chýba č. 1,2 
952 |0 0  |1 0  |3 Spoločne zviazané r. 2001-2007  |4 0  |7 0  |8 0  |a SNK  |b SNK  |d 2019-11-29  |i snk2019/30858  |l 0  |o snkČSB 7407/2001  |p 17A1384979  |r 2026-02-21 22:15:18  |t č. 1-3  |w 2026-02-21  |y PREZ  |z Spoločne zviazané r. 2001-2007 
952 |0 0  |1 0  |3 Spoločne zviazané r. 2001-2007  |4 0  |7 0  |8 0  |a SNK  |b SNK  |d 2019-11-29  |i snk2019/30858  |l 0  |o snkČSB 7407/2002  |p 17A1384978  |r 2026-02-21 22:15:18  |t č. 1-2  |w 2026-02-21  |y PREZ  |z Spoločne zviazané r. 2001-2007 
952 |0 0  |1 0  |3 Spoločne zviazané r. 2001-2007  |4 0  |7 0  |8 0  |a SNK  |b SNK  |d 2019-11-29  |i snk2019/30858  |l 0  |o snkČSB 7407/2003  |p 17A1384977  |r 2026-02-21 22:15:18  |t č. 1-2  |w 2026-02-21  |y PREZ  |z Spoločne zviazané r. 2001-2007 
952 |0 0  |1 0  |3 Spoločne zviazané r. 2001-2007  |4 0  |7 0  |8 0  |a SNK  |b SNK  |d 2019-11-29  |i snk2019/30858  |l 0  |o snkČSB 7407/2004  |p 17A1384976  |r 2026-02-21 22:15:18  |t č. 1  |w 2026-02-21  |y PREZ  |z Spoločne zviazané r. 2001-2007 
952 |0 0  |1 0  |3 Spoločne zviazané r. 2001-2007  |4 0  |7 0  |8 0  |a SNK  |b SNK  |d 2019-11-29  |i snk2019/30858  |l 0  |o snkČSB 7407/2005  |p 17A1384975  |r 2026-02-21 22:15:19  |t č. 1  |w 2026-02-21  |y PREZ  |z Spoločne zviazané r. 2001-2007 
952 |0 0  |1 0  |3 Spoločne zviazané r. 2001-2007  |4 0  |7 0  |8 0  |a SNK  |b SNK  |d 2019-11-29  |i snk2019/30858  |l 0  |o snkČSB 7407/2006  |p 17A1384974  |r 2026-02-21 22:15:19  |t č. 1-2  |w 2026-02-21  |y PREZ  |z Spoločne zviazané r. 2001-2007 
952 |0 0  |1 0  |3 Spoločne zviazané r. 2001-2007  |4 0  |7 0  |8 0  |a SNK  |b SNK  |d 2019-11-29  |i snk2019/30858  |l 0  |o snkČSB 7407/2007  |p 17A1384973  |r 2026-02-21 22:15:19  |t č. 1  |w 2026-02-21  |y PREZ  |z Spoločne zviazané r. 2001-2007